| 000 | 00451cam a2200169ua 4500 | ||
|---|---|---|---|
| 041 |
_aeng _h |
||
| 082 |
_a620.106 _bDAU/FL |
||
| 100 | _aDaugherty, R L . | ||
| 245 |
_aFluid mechanics:with engineerng applications / _cR L Daugherty. _hTextual Documents |
||
| 250 |
_a5 / _b. |
||
| 260 |
_aNew York : _bMcGraw Hill Book Company , _c1954. |
||
| 300 | _a472 ; . | ||
| 504 | _a | ||
| 700 | 1 | _aIngersoll, A C . | |
| 942 | _cBK | ||
| 999 |
_c10867 _d10867 |
||